Novelizácie zákona o dani z príjmov v roku 2004 (s vykonávacími predpismi)
Enregistré dans:
| Auteur principal: | |
|---|---|
| Autres auteurs: | |
| Format: | Livre |
| Langue: | slovaque |
| Publié: |
Bratislava
EPOS
2005
|
| Sujets: | |
| Tags: |
Pas de tags, Soyez le premier à ajouter un tag!
|
MARC
| LEADER | 00000nam$a2200000$$$4500 | ||
|---|---|---|---|
| 001 | 0025772 | ||
| 005 | 20221108131312.2 | ||
| 020 | |a 80-8057-621-1 | ||
| 041 | 0 | |a slo | |
| 044 | |a SK | ||
| 245 | 1 | 0 | |a Novelizácie zákona o dani z príjmov v roku 2004 |b (s vykonávacími predpismi) |c Svetlana Faiglová, Ján Pohlod |
| 264 | 1 | |a Bratislava |b EPOS |c 2005 | |
| 300 | |a 477 s. | ||
| 610 | 2 | 0 | |a dane z príjmov |
| 610 | 2 | 0 | |a legislatíva |
| 610 | 2 | 0 | |a predpisy daňové |
| 610 | 2 | 0 | |a predpisy právne |
| 610 | 2 | 0 | |a novelizácia |
| 610 | 2 | 0 | |a Slovensko |
| 610 | 2 | 0 | |a 2004 |
| 100 | 1 | |a Faiglová, Svetlana | |
| 700 | 1 | |a Pohlod, Ján | |